Central Library OPAC University of Rajshahi

Taysīr al-Bārī / (Record no. 80593)

MARC details
000 -LEADER
fixed length control field 01223cam a2200313 i 4500
001 - CONTROL NUMBER
control field 80593
003 - CONTROL NUMBER IDENTIFIER
rucl marc code BD-RjUL
005 - DATE AND TIME OF LATEST TRANSACTION
control field 20221023114032.0
008 - FIXED-LENGTH DATA ELEMENTS--GENERAL INFORMATION
fixed length control field 231023s1963 pk b 000 0 urd
035 ## - SYSTEM CONTROL NUMBER
System control number (BD-RjUL)80593
037 ## - SOURCE OF ACQUISITION
Terms of availability 50.00 SAR
040 ## - CATALOGING SOURCE
Original cataloging agency DLC
Language of cataloging eng
Description conventions rda
Transcribing agency DLC
041 ## - LANGUAGE CODE
Language code of text/sound track or separate title eng
082 ## - DEWEY DECIMAL CLASSIFICATION NUMBER
Edition number 23
Classification number 297.125
Author mark and year BUK 1963
245 10 - TITLE STATEMENT
Title Taysīr al-Bārī /
Statement of responsibility, etc. taʼlīf Fayṣal ibn Yaḥyá ibn Murshid al-Ghūlī.
250 ## - EDITION STATEMENT
Edition statement al-Ṭabʻah al-ūlá.
264 #1 - PRODUCTION, PUBLICATION, DISTRIBUTION, MANUFACTURE, AND COPYRIGHT NOTICE
Place of production, publication, distribution, manufacture Lahore :
Name of producer, publisher, distributor, manufacturer sirajuddin,
Date of production, publication, distribution, manufacture, or copyright notice 1963.
300 ## - PHYSICAL DESCRIPTION
Pagination V ;
Size 24 cm
336 ## - CONTENT TYPE
Content type term text
Content type code txt
Source rdacontent
337 ## - MEDIA TYPE
Media type term unmediated
Media type code n
Source rdamedia
338 ## - CARRIER TYPE
Carrier type term volume
Carrier type code nc
Source rdacarrier
504 ## - BIBLIOGRAPHY, ETC. NOTE
Bibliography, etc Includes bibliographical references.
650 #0 - SUBJECT ADDED ENTRY--TOPICAL TERM
Topical term or geographic name as entry element Islam
General subdivision Doctrines
Form subdivision Early works to 1800.
9 (RLIN) 5411
880 1# - ALTERNATE GRAPHIC REPRESENTATION
Linkage 100-01/(3/r‏
a ‏غولي، فيصل بن يحيى بن مرشد.
Linkage 245-02/(3/r‏
a ‏تيسير الباري في شرح السنة للإمام البربهاري /‏
c ‏تأليف فيصل بن يحيى بن مرشد الغولي.
Linkage 250-03/(3/r‏
a ‏الطبعة الأولى.
Linkage 264-04/(3/r‏
a ‏الرياض :‏
b ‏مدار الوطن للنشر،‏
c ‏‪2019‬.
942 ## - ADDED ENTRY ELEMENTS (KOHA)
Source of classification or shelving scheme Dewey Decimal Classification
Koha item type Books
Holdings
Lost status Source of classification or shelving scheme Damaged status Not for loan Collection code Permanent Location Current Location Shelving location Date acquired Source of acquisition Total Checkouts Full call number Date last seen Copy number Koha item type
  Dewey Decimal Classification   Not For Loan Non-fiction Central Library, University of Rajshahi Central Library, University of Rajshahi Reading Room 01/02/1976 Islamia Library, Chittgong   U 297.125 BUK V-3 1963 23/10/2022 C-1 Books
  Dewey Decimal Classification   Not For Loan Non-fiction Central Library, University of Rajshahi Central Library, University of Rajshahi Reading Room 01/02/1976 Islamia Library, Chittgong   U 297.125 BUK V-6 1963 23/10/2022 C-1 Books